[Event "Niederbayernliga 1011"]
[Site "Germany"]
[Date "2010.10.24"]
[Round "2.2"]
[White "Valenza, Guiseppe"]
[Black "Putz, Ernst"]
[Result "1-0"]
[WhiteElo "1782"]
[BlackElo "1724"]
[PlyCount "63"]
[EventDate "2010.10.10"]
[EventType "team-tourn"]
[EventRounds "9"]
[EventCountry "GER"]
[SourceTitle "EXT 2012"]
[Source "ChessBase"]
[SourceDate "2011.11.24"]
[SourceVersion "1"]
[SourceVersionDate "2011.11.24"]
[SourceQuality "1"]
[WhiteTeam "Aham"]
[BlackTeam "Simbach"]
[WhiteTeamCountry "GER"]
[BlackTeamCountry "GER"]

1. e4 e5 2. Nf3 Nc6 3. d4 exd4 4. Bc4 Be7 5. c3 Na5 6. Qxd4 Nf6 7. e5 d5 8. exf6 Nxc4 9. fxe7 Qxe7+ 10. Be3 0-0 11. 0-0 c6 12. Re1 Nxe3 13. Rxe3 Qc7 14. Nbd2 h6 15. Rae1 Be6 16. b4 a5 17. a3 b6 18. Ne5 axb4 19. axb4 c5 20. bxc5 bxc5 21. Qh4 Ra2 22. Nf1 Rfa8 23. Rg3 Kh7 24. Rge3 R8a4 25. Qg3 Qb6 26. Qf3 Ra1 27. Nxf7 Rxe1 28. Rxe1 Qa6 29. Ne5 c4 30. Qh5 Qc8 31. Qg6+ Kg8 32. Nc6 1-0